[Event "EU-ch U12 23rd"]
[Site "Budva"]
[Date "2013.10.02"]
[Round "4"]
[White "Kevlishvili, Robby"]
[Black "Tarhon, Brian"]
[Result "1-0"]
[WhiteElo "2056"]
[BlackElo "1927"]
[PlyCount "81"]
[EventDate "2013.09.29"]
[EventType "swiss"]
[EventRounds "9"]
[EventCountry "MNE"]
[SourceTitle "EXT 2014"]
[Source "ChessBase"]
[SourceDate "2013.11.20"]
[SourceVersion "1"]
[SourceVersionDate "2013.11.20"]
[SourceQuality "1"]

1. e4 c5 2. Nf3 e6 3. d4 cxd4 4. Nxd4 a6 5. Nc3 b5 6. Bd3 Qb6 7. Nf3 Nc6 8. 0-0 d6 9. Be3 Qc7 10. Qe2 Nf6 11. Nd4 Bd7 12. f4 b4 13. Nb1 Nxd4 14. Bxd4 e5 15. Bf2 Ng4 16. Bg3 h5 17. f5 Be7 18. h3 Qb6+ 19. Kh1 Bg5 20. Nd2 Qe3 21. Qxe3 Nxe3 22. Rf2 Rc8 23. Nf3 Bh6 24. a3 a5 25. axb4 axb4 26. Re2 Nc4 27. b3 Nb2 28. Ba6 Ra8 29. Ree1 Na4 30. Bd3 Nb6 31. Bf2 Rxa1 32. Rxa1 Nc8 33. Be1 0-0 34. Bxb4 Be3 35. Ra6 Rd8 36. g3 g6 37. Kg2 gxf5 38. exf5 Kg7 39. Bxd6 f6 40. Bb4 Re8 41. Be4 1-0

[Event "BCF-ch Major op"]
[Site "Torquay"]
[Date "2013.08.06"]
[Round "8.88"]
[White "Abbas, Daniel Karim"]
[Black "Tarhon, Brian"]
[Result "0-1"]
[WhiteElo "1943"]
[BlackElo "1873"]
[PlyCount "88"]
[EventDate "2013.07.29"]
[EventType "swiss"]
[EventRounds "11"]
[EventCountry "ENG"]
[SourceTitle "EXT 2023"]
[Source "ChessBase"]
[SourceDate "2022.10.05"]
[SourceVersion "1"]
[SourceVersionDate "2022.10.05"]
[SourceQuality "1"]

1. e4 c5 2. Nc3 Nc6 3. f4 g6 4. Nf3 Bg7 5. Bb5 Nd4 6. 0-0 Nxb5 7. Nxb5 d5 8. e5 d4 9. c3 a6 10. Na3 Nh6 11. cxd4 cxd4 12. d3 0-0 13. Nc2 Qb6 14. Qe2 Bg4 15. b3 f6 16. Na3 Qe6 17. Nc4 Bxf3 18. Rxf3 b5 19. Na3 fxe5 20. Nc2 Nf7 21. Bb2 Qd6 22. Re1 Rfe8 23. fxe5 Nxe5 24. Rh3 Nc6 25. Qe6+ Qxe6 26. Rxe6 Rac8 27. Rh4 Ne5 28. Nb4 a5 29. Nd5 Kf7 30. Rb6 Nxd3 31. Ba3 b4 32. Rh3 bxa3 33. Rxd3 Rc1+ 34. Kf2 Rc2+ 35. Kg3 Be5+ 36. Kh3 Rxa2 37. Rf3+ Kg7 38. Re6 Bd6 39. Nb6 Rb2 40. Nc4 a2 41. Nxd6 exd6 42. Rxe8 a1Q 43. Re7+ Kh6 44. g4 Qg1 0-1

[Event "BCF-ch Major op"]
[Site "Torquay"]
[Date "2013.07.30"]
[Round "2.75"]
[White "Keen, Cosima C"]
[Black "Tarhon, Brian"]
[Result "0-1"]
[WhiteElo "1714"]
[BlackElo "1873"]
[PlyCount "74"]
[EventDate "2013.07.29"]
[EventType "swiss"]
[EventRounds "11"]
[EventCountry "ENG"]
[SourceTitle "EXT 2023"]
[Source "ChessBase"]
[SourceDate "2022.10.05"]
[SourceVersion "1"]
[SourceVersionDate "2022.10.05"]
[SourceQuality "1"]

1. d4 Nf6 2. Nf3 g6 3. Bf4 Bg7 4. e3 0-0 5. Be2 d6 6. h3 Nfd7 7. Bh2 e5 8. 0-0 Nc6 9. c3 Qe7 10. d5 Nd8 11. c4 f5 12. Nc3 a5 13. a3 g5 14. Nb5 Nc5 15. Qc2 a4 16. Nd2 Rf6 17. b4 axb3 18. Nxb3 Nxb3 19. Qxb3 b6 20. a4 Nb7 21. Qc2 Rh6 22. Ra2 g4 23. hxg4 Qh4 24. f3 Qxh2+ 25. Kf2 Qh4+ 26. g3 Qh2+ 27. Ke1 Qxg3+ 28. Kd2 fxg4 29. Nxc7 Rb8 30. Raa1 Rh2 31. f4 Qg2 32. Rae1 Nc5 33. Rg1 Qe4 34. Qd1 exf4 35. Kc1 Qxe3+ 36. Kb1 Bf5+ 37. Ka2 Nd3 0-1